Jala Brat and Buba Corelli Songs by Emoji - Statistics

General Stats
  • This quiz has been taken 26 times
  • The average score is 8 of 30
Answer Stats
Emoji Answer % Correct
๐Ÿ‘„๐Ÿ”›๐Ÿ‘„ Buba Corelli - Usta na usta
80%
๐Ÿ’ฏโž–1๏ธโƒฃ Jala Brat - 99
60%
โ›ฉ๏ธ๐ŸŒธ๐Ÿœ Jala Brat & Buba Corelli - Japan
60%
๐Ÿงชโ˜ ๏ธโ˜ฃ๏ธ Severina & Jala Brat - Otrove
60%
๐Ÿšงโ›”โŒ Jala Brat & Buba Corelli - Blokada
55%
๐Ÿ”ซ๐Ÿ’ฅ๐Ÿ’ฅ Klijent & Jala Brat & Buba Corelli - Dumdum
55%
๐Ÿƒ๐Ÿƒ๐Ÿƒ Jala Brat - Trฤi
50%
๐Ÿ’จ๐Ÿ“ป๐Ÿ‘‚ Jala Brat & Buba Corelli - Stari radio
45%
๐Ÿ”„๐Ÿ”Œ0๏ธโƒฃ Jala Brat - Restart
40%
๐Ÿšซโค๏ธ๐Ÿ˜’ Jala Brat & Buba Corelli & Elena - Ne volim
30%
โ“โค๏ธโš–๏ธ Jala Brat & Buba Corelli - Da li si me
25%
โ†ฉ๏ธ๐Ÿ‘ฉ๐Ÿ‘ด Jala Brat & Buba Corelli - Vrati je tati
25%
๐Ÿ›‹๏ธ๐Ÿ˜Œโ˜• Buba Corelli - Comfort
20%
โœ…๐Ÿ“œ๐Ÿ”Ž Buba Corelli - Dokaz
20%
๐Ÿค๐Ÿ˜Ž๐ŸŽฌ Jala Brat & Buba Corelli - Goodfellas
20%
โ˜Ž๏ธ๐Ÿฐ๐Ÿฅฉ Jala Brat & Buba Corelli & RAF Camora - Zove Vienna
20%
๐Ÿ’ตโœ‹๐Ÿฅ‚ Jala Brat - Bakลกiลก
15%
๐Ÿ˜ˆ๐Ÿ‘‘๐Ÿ’… Jala Brat & Buba Corelli - Bad Bitch
15%
๐Ÿ’ณ๐Ÿ—ž๏ธ๐Ÿ‘ƒ Jala Brat & Buba Corelli - Coco
15%
๐Ÿ˜ฑ๐Ÿ’ฅ๐Ÿ™ Jala Brat & Noizy - OMG
15%
โญ๐Ÿ˜ญโฌ…๏ธ Vuk Mob & Jala Brat - Zvezde plaฤu za nama
15%
๐Ÿ”’๐Ÿ”š๐Ÿšช Elena & Buba Corelli - Zatvaranje
10%
๐Ÿ‘จ๐Ÿฟ๐ŸŒ๐Ÿ”ฅ Jala Brat & Buba Corelli & Gims - Don Diego (RMX)
10%
๐Ÿ”ฎ๐Ÿš€โžก๏ธ Jala Brat - Futura
10%
๐Ÿ‘จโ€๐Ÿฆฏ๐Ÿ™ˆ๐ŸŽค Loลก Sin & Jala Brat - Dejan Matiฤ‡
5%
โ›“๏ธโžก๏ธ๐Ÿš— Sajfer & Jala Brat & Buba Corelli - 7ice
5%
๐Ÿ˜ต๐ŸŒซ๏ธโœ–๏ธ Jala Brat & Buba Corelli - Blur
0%
๐Ÿ™…โ€โ™€๏ธ๐Ÿ‘ถโฌ†๏ธ Jala Brat & Buba Corelli - Toronto
0%
๐Ÿค”๐Ÿ˜โœ… Jala Brat - O kako ne bi
0%
๐Ÿคพ๐Ÿฟ๐Ÿ‘Ÿ๐Ÿงˆ Klijent & Loลก Sin & Buba Corelli - Dลพordanke i tozla
0%
No matching quizzes found
Score Distribution
Percent of People with Each Score
Percentile by Number Answered
Your Score History
You have not taken this quiz